Celtic Nations - Sudden Death - Statistics

General Stats
  • This quiz has been taken 77 times
  • The average score is 4 of 6
Answers on the Grid
Answers color-coded by a green-red scale on the quiz's grid according to % correct below.
Brittany
Cornwall
England
Ireland
Isle of Man
Isle of Wight
Jersey
Kent
Normandy
Scotland
Shetland
Wales
 
Answer Stats
Answer % Correct
Ireland
86%
Cornwall
74%
Scotland
68%
Wales
67%
Brittany
64%
Isle of Man
61%
No matching quizzes found
Score Distribution
Percent of People with Each Score
Percentile by Number Answered
Your Score History
You have not taken this quiz